Last mysteries of the Titanic Τα τελευταία μυστήρια του Τιτανικού.
"Ο βραβευμένος με Όσκαρ σκηνοθέτης του "Τιτανικού", Τζέιμς Κάμερον, στην εξερεύνηση του αιώνα! Ακολουθήστε τον σε μια τελευταία κατάδυση στον θρυλικό Τιτανικό και γίνετε μάρτυρες της πιο αποκαλυπτικής αποστολής που έγινε ποτέ στο περίφημο ναυάγιο! Με προηγμένα μίνι-ρομπότ και δορυφορι...
Αποθηκεύτηκε σε:
| Άλλοι συγγραφείς: | , |
|---|---|
| Μορφή: | |
| Γλώσσα: | English Greek |
| Δημοσίευση: |
[S.l.] :
Discovery Communications Inc, Prooptiki [Εταιρεία διανομής],
c2006.
|
| Θέματα: | |
| Ετικέτες: |
Προσθήκη ετικέτας
Δεν υπάρχουν, Καταχωρήστε ετικέτα πρώτοι!
|
MARC
| LEADER | 00000cgm a2200000 i 4500 | ||
|---|---|---|---|
| 001 | 1/15369 | ||
| 008 | 111004s2006####xx ||| | || ||eng|| | ||
| 035 | |l 10110957 | ||
| 040 | |a GR-MY-UA |b gre |e aacr | ||
| 041 | 0 | |a eng |j gre | |
| 082 | 0 | |a 910.91634 |2 (22) | |
| 245 | 1 | 0 | |a Last mysteries of the Titanic |h [μαγνητοσκόπηση] = |b Τα τελευταία μυστήρια του Τιτανικού. |
| 246 | 1 | |i Παράλληλος τίτλος: |a Τα τελευταία μυστήρια του Τιτανικού |h [μαγνητοσκόπηση] | |
| 260 | |a [S.l.] : |b Discovery Communications Inc, |b Prooptiki [Εταιρεία διανομής], |c c2006. | ||
| 300 | |a 1 βιντεοδίσκος (97 λεπτ.) : |b ομίλ., έγχρ. ; |c 4 3/4 ίν. | ||
| 500 | |a Στα αγγλικά με ελληνικούς υπότιτλους. | ||
| 508 | |a Εκτέλεση παραγωγής: Phil Fairclough, παραγωγή:Andrew Wight & James Cameron, σκηνοθεσία: Neil Flagg. | ||
| 520 | |a "Ο βραβευμένος με Όσκαρ σκηνοθέτης του "Τιτανικού", Τζέιμς Κάμερον, στην εξερεύνηση του αιώνα! Ακολουθήστε τον σε μια τελευταία κατάδυση στον θρυλικό Τιτανικό και γίνετε μάρτυρες της πιο αποκαλυπτικής αποστολής που έγινε ποτέ στο περίφημο ναυάγιο! Με προηγμένα μίνι-ρομπότ και δορυφορικά συστήματα, μπείτε για πρώτη φορά στα πιο ανεξερεύνητα μέρη του πλοίου, πριν πάρει για πάντα τα τραγικά μυστικά του στα βάθη του ωκεανού!". - Περίληψη από τη θήκη. | ||
| 600 | 1 | 0 | |a Titanic (Steamship). |
| 650 | 0 | 0 | |a Underwater exploration |z North Atlantic Ocean. |
| 700 | 1 | |a Flagg, Neil. |4 drt | |
| 700 | 1 | |a Cameron, James, |d 1954- |4 pro | |
| 852 | |a INST |b SYROS |c AV |e 20111004 |h 910.91634 LAS |p 005500009735 |q 005500009735 |t DVD |y 23 | ||
| 901 | |a BIBL5-2008-1 | ||
| 909 | |a Ε |b 169630 | ||
| 922 | |a 5ΕΛΗ |b 200709 |c ΒΙΒΛΙΟΘΗΚΗ ΣΥΡΟΥ |d ANACO | ||
| 970 | |a ΚΟΝΤΟΥ |b ΠΑΡΑΣΚΕΥΗ |z 2011/10/04 | ||